Progressive Structures Based on Amorphous Silicon for New Sources of Energy

Salvato in:
Dettagli Bibliografici
Autore principale: Kemény, Martin (Autore)
Altri autori: Mikolášek, Miroslav (Relatore della tesi)
Natura: Manoscritto Libro
Lingua:slovacco
inglese
Pubblicazione: 2019
Soggetti:
Accesso online:http://is.stuba.sk/zp/portal_zp.pl?podrobnosti=143731
Tags: Aggiungi Tag
Nessun Tag, puoi essere il primo ad aggiungerne!!

MARC

LEADER 00000ntm a22000003a 4500
001 stuzp70001
003 SK-STU
005 20190624103123.4
007 ta
008 150427s2015----xo-----f-mn---000-0-slo-d
040 |a STU  |b slo 
041 0 |a eng 
044 |a xo 
100 1 |a Kemény, Martin  |u 033000  |k Z4  |4 aut  |U FEI Fakulta elektrotechniky a informatiky  |T FEI Ústav elektroniky a fotoniky  |X 74898  |U E030  |Y 549  |7 74898 
242 0 1 |a Progresívne štruktúry na báze amorfného kremíka pre nové zdroje energie  |y slo 
245 1 0 |a Progressive Structures Based on Amorphous Silicon for New Sources of Energy 
260 |c 2019 
300 |a 66 s.,  |b CD-ROM 
650 4 |a amorfný kremík  |2 slo 
650 4 |a foto-elektrochemická generácia  |2 slo 
650 4 |a hrúbka intrinzickej vrstvy  |2 slo 
650 4 |a čistenie vodíkovou plazmou  |2 slo 
650 4 |a LSPR  |2 slo 
650 4 |a amorphous silicon  |2 eng 
650 4 |a photo-electrochemical generation  |2 eng 
650 4 |a thickness of the intrinsic layer  |2 eng 
650 4 |a hydrogen plasma cleaning  |2 eng 
650 4 |a LSPR  |2 eng 
700 1 |a Mikolášek, Miroslav  |u 033000  |k Z2  |4 ths  |U FEI Fakulta elektrotechniky a informatiky  |T FEI Ústav elektroniky a fotoniky  |X 27049  |U E030  |Y 549  |7 A000027049 
856 4 |u http://is.stuba.sk/zp/portal_zp.pl?podrobnosti=143731 
996 |b 284EP12165  |c E*DIPL- 12165  |l EE33  |s P  |a 0  |w stuzp70001_0001